00864cam 2200253u 4500001000800000005001700008008004100025035002100066906004500087010001700132040001900149050001400168245002300182260005600205300002900261650003200290650004600322650004200368650005600410650003700466700004200503991003700545099002800582761957120021028123945.0810409t19751974xx a 000 0 eng  9(DLC) 75760849 a0bcbccpremunvduencipf19gy-gencatlg a 75760849  aDLCcCarPdDLC00aM125b.B304aThe Baroque guitar aNew York : Ariel Music Publications,c[1975] c1974. a127 p.b: ill. ;c28 cm. 0aGuitar musicy17th century. 0aGuitar music (Guitars (2))y17th century. 0aGuitar music, Arrangedy17th century. 0aGuitar music (Guitars (2)), Arrangedy17th century. 0aSongs with guitary17th century.1 aNoad, Frederick M. [from old catalog] bc-MusichM125i.B3tCopy 1wPREM anoad-baroque-1071955693